| 000 | 01263cam a2200301 4500 | ||
|---|---|---|---|
| 008 | 090401t1996 xxu||||| |||| 00| 0 eng d | ||
| 020 | _a0854067760 | ||
| 035 | _a(Sirsi) u65831 | ||
| 041 | _aeng | ||
| 050 | _a690.2 | ||
| 090 | _aRICS 1996/70ABCD | ||
| 110 |
_aRoyal Institution of Chartered Surveyors _94900 |
||
| 245 |
_aBuilding surveys of residential properties _ba guidance note for surveyors |
||
| 250 | _a3rd ed. | ||
| 260 |
_aLondon _bRICS _c1996 |
||
| 300 |
_a20p. _c30cm. |
||
| 350 | _a8.95 | ||
| 490 | _aRICS Guidance Note | ||
| 520 | _aOperative from 1 October 1996. Should be read in conjunction with "Building surveys of residential properties : model conditions of engagement" (M2201) | ||
| 520 | _aSupersedes second edition "Structural surveys of residential property: a guidance note" (D16260) | ||
| 520 | _aSUPERSEDED BY 1842190954 ("Building surveys of residential property" 2nd edition, 2004) | ||
| 650 | _aBUILDING SURVEYS | ||
| 650 |
_aRESIDENTIAL PROPERTY _96266 |
||
| 690 | _aBUILT ENVIRONMENT-BUILDING INSPECTION | ||
| 856 |
_uhttps://www.isurv.com/downloads/file/2798/archive_building_surveys_of_residential_property_1st_edition_july_1996-january_2004 _zArchived on isurv |
||
| 942 |
_n0 _2ddc |
||
| 948 | _c04/03/1997 | ||
| 999 |
_c94791 _d94791 |
||